| 000 | 00916nam a2200265Ia 4500 | ||
|---|---|---|---|
| 003 | OSt | ||
| 005 | 20220930085533.0 | ||
| 006 | a|||||r|||| 00| 0 | ||
| 007 | ta | ||
| 008 | 220926b |||||||| |||| 00| 0 eng d | ||
| 024 | _a101219 | ||
| 037 | _cTheses | ||
| 040 |
_aCRL _cCRL _beng |
||
| 041 |
_2eng _aeng |
||
| 100 |
_aDutt Kakoli _9540516 |
||
| 110 | _aUniversity of Delhi. Faculty of Inter Discipilinary and Applied Science. Department of Microbiology | ||
| 245 | 0 | _aRennet from bacillus subtilisi production biochemical characterization scale up and its application in cheese making | |
| 260 | _c2009 | ||
| 300 |
_a359 _ap. _ccm. |
||
| 650 | _aMICROBIOLOGY | ||
| 700 | _a Prof. R. K. Saxena Gu. | ||
| 700 | _aUniversity of Delhi. Faculty of Inter Discipilinary and Applied Science. Department of Microbiology | ||
| 942 |
_cDIS _2CC |
||
| 999 |
_c879091 _d879091 |
||